La predicación popular / (Record no. 53228)

MARC details
000 -LEADER
campo de control de longitud fija 00575nam a22001935i 4500
001 - NÚMERO DE CONTROL
campo de control 53228
003 - IDENTIFICADOR DE NÚMERO DE CONTROL
campo de control ES-MaACL
005 - FECHA Y HORA DE LA ÚLTIMA TRANSACCIÓN
campo de control 20250730063106.0
007 - CAMPO FIJO DE DESCRIPCIÓN FÍSICA--INFORMACIÓN GENERAL
campo de control de longitud fija t|
008 - DATOS DE LONGITUD FIJA--INFORMACIÓN GENERAL
campo de control de longitud fija 940202s1867 sp a ||||1| spa d
040 ## - FUENTE DE CATALOGACIÓN
Centro catalogador/agencia de origen CAM
Lengua de catalogación spa
100 1# - ENTRADA PRINCIPAL--NOMBRE DE PERSONA
Nombre de persona Dupanloup, Félix,
Fechas asociadas al nombre 1802-1878
9 (RLIN) 46079
245 13 - MENCIÓN DEL TÍTULO
Título La predicación popular /
Mención de responsabilidad, etc. por Monseñor Dupanloup... ; traducida por D.L.R.
260 ## - PUBLICACIÓN, DISTRIBUCIÓN, ETC.
Lugar de publicación, distribución, etc. Madrid :
Nombre del editor, distribuidor, etc. R. Labajos,
Fecha de publicación, distribución, etc. 1867.
300 ## - DESCRIPCIÓN FÍSICA
Extensión 551 p. :
Otras características físicas [1] h. de lám. ;
Dimensiones 23 cm.
650 14 - PUNTO DE ACCESO ADICIONAL DE MATERIA--TÉRMINO DE MATERIA
Término de materia o nombre geográfico como elemento de entrada Predicación.
9 (RLIN) 16342
852 ## - LOCALIZACIÓN
Ubicación ES-MaACL
Número de control de estantería G-9108
Holdings
Estatus retirado Estado de pérdida Estado de daño No para préstamo Colección Biblioteca de origen Biblioteca actual Ubicación en estantería Fecha de adquisición Fuente de adquisición Total de préstamos Signatura topográfica completa Código de barras Visto por última vez Precio de reemplazo Tipo de ítem Koha
        Libros del s. XIX Biblioteca del Ateneo de Madrid Biblioteca del Ateneo de Madrid Sala Pecera Planta 3 17/01/2008     G-9108 1055927 23/02/2023 23/02/2023 Libro impreso antiguo